Biodiversidad del Río Bita, Vichada, Colombia. (Registro nro. 60507)
[ vista simple ]
| 000 -CABECERA | |
|---|---|
| Longitud fija campo de control | 01643nam a2200409 a 4500 |
| 003 - • IDENTIFICADOR DELl NÚMERO DE CONTROL | |
| Identificador del número de control | CO-BoRNBP |
| 005 - • FECHA Y HORA DE LA ÚLTIMA TRANSACCIÓN | |
| Fecha y hora de la última transacción | 20260217171344.0 |
| 007 - • CAMPO FIJO DE DESCRIPCIÓN FÍSICA | |
| Campo fijo de descripción física | t |
| 008 - • CÓDIGOS DE INFORMACIÓN DE LONGITUD FIJA | |
| Códigos de información de longitud fija | 181029s2017 ck abd gr 000 0 spa d |
| 020 ## - • NÚMERO INTERNACIONAL NORMALIZADO PARA LIBROS | |
| Número Internacional Normalizado para Libros (ISBN) | 9789585418219 |
| 040 ## - FUENTE DE LA CATALOGACIÓN | |
| Centro catalogador de origen | CO-BoBLA |
| Lengua de catalogación | spa |
| Centro modificado | CO-BoBLA |
| Normas de descripción | rda |
| Centro transcriptor | CO-BoBLA |
| 041 ## - • CÓDIGO DE LENGUA | |
| Código de lengua del texto/banda sonora o título independiente | spa |
| 043 ## - CÓDIGO DE ÁREA GEOGRÁFICA | |
| Código de área geográfica | s-ck--- |
| 082 04 - • NÚMERO DE LA CLASIFICACIÓN DECIMAL DEWEY | |
| Número de clasificación (R) | 578.7609861 |
| Número del ítem | B46 |
| Número de edición | 21 |
| 240 10 - • TÍTULO UNIFORME | |
| Título uniforme | <a href="Vichada-Bibliografía regional">Vichada-Bibliografía regional</a> |
| 245 00 - • TITULO PROPIAMENTE DICHO | |
| Título | Biodiversidad del Río Bita, Vichada, Colombia. |
| 250 ## - • MENCIÓN DE EDICIÓN | |
| Mención de edición | Fernando Trujillo y Carlos A. Lasso (editores). |
| 264 ## - PRODUCCIÓN, PUBLICACIÓN , DISTRIBUCIÓN, FABRICACIÓN Y COPYRIGHT | |
| Lugar de producción, publicación, distribución, fabricación | Bogotá : |
| Nombre del productor, editor, distribuidor, fabricante | Ministerio de Ambiente , Instituto de Investigación de Recursos Biológicos Alexander von Humboldt , Fundación Omacha, |
| Fecha de de producción, publicación, distribución, fabricación o copyright | 2017. |
| 300 ## - • DESCRIPCIÓN FÍSICA | |
| Extensión | 349 páginas : |
| Otras características físicas | ilustraciones, mapas, gráficas, fotografías ; |
| Dimensiones | 24 cm. |
| 336 ## - TIPO DE CONTENIDO | |
| Término de tipo de contenido | text |
| Código de tipo de contenido | txt |
| Fuente | rdacontent |
| 337 ## - TIPO DE MEDIO | |
| Nombre del tipo de medio | unmediated |
| Código del tipo de medio | n |
| Fuente | rdamedia |
| 338 ## - TIPO DE SOPORTE | |
| Nombre del tipo de soporte | volume |
| Código del tipo de soporte | nc |
| Fuente | rdacarrier |
| 490 1# - • MENCIÓN DE SERIE | |
| Mención de serie | Serie Fauna Silvestre Neotropical ; |
| Designación de volumen o secuencia | 4 |
| 504 ## - • NOTA DE BIBLIOGRAFÍA, ETC | |
| Nota de bibliografía, etc. | Incluye bibliografías. |
| 650 #7 - • PUNTO DE ACCESO ADICIONAL DE MATERIA - TÉRMINO DE MATERIA | |
| Término de materia o nombre geográfico como elemento inicial | Animales acuáticos |
| Subdivisión geográfica | Bita (Río, Vichada, Colombia). |
| Fuente del encabezamiento o término | BLAAUTO |
| 650 #7 - • PUNTO DE ACCESO ADICIONAL DE MATERIA - TÉRMINO DE MATERIA | |
| Término de materia o nombre geográfico como elemento inicial | Biodiversidad acuática |
| Subdivisión geográfica | Bita (Río, Vichada, Colombia). |
| Fuente del encabezamiento o término | BLAAUTO |
| 650 #7 - • PUNTO DE ACCESO ADICIONAL DE MATERIA - TÉRMINO DE MATERIA | |
| Término de materia o nombre geográfico como elemento inicial | Diversidad biológica |
| Subdivisión geográfica | Vichada (Colombia). |
| Fuente del encabezamiento o término | BLAAUTO |
| 650 #7 - • PUNTO DE ACCESO ADICIONAL DE MATERIA - TÉRMINO DE MATERIA | |
| Término de materia o nombre geográfico como elemento inicial | Especies en peligro |
| Subdivisión geográfica | Bita (Río, Vichada, Colombia). |
| Fuente del encabezamiento o término | BLAAUTO |
| 650 #7 - • PUNTO DE ACCESO ADICIONAL DE MATERIA - TÉRMINO DE MATERIA | |
| Término de materia o nombre geográfico como elemento inicial | Fauna |
| Subdivisión geográfica | Vichada (Colombia). |
| Fuente del encabezamiento o término | BLAAUTO |
| 700 1# - • PUNTO DE ACCESO ADICIONAL - NOMBRE DE PERSONA | |
| Nombre de persona | Lasso Alcalá, Carlos A., |
| Término indicativo de función | editor. |
| 700 1# - • PUNTO DE ACCESO ADICIONAL - NOMBRE DE PERSONA | |
| Nombre de persona | Trujillo, Fernando, |
| Término indicativo de función | editor. |
| 830 10 - • PUNTO DE ACCESO ADICIONAL DE SERIE - TÍTULO UNIFORME | |
| Título uniforme | Serie Fauna Silvestre Neotropical ; |
| Designación de volumen o secuencia | 4 |
| 942 ## - ENTRADA DE ELEMENTOS AGREGADOS (KOHA) | |
| Fuente de clasificaión o esquema | Dewey Decimal Classification |
| Koha [por defecto] tipo de item | LIbro |
| 949 ## - TRATAMIENTO DE LA INFORMACIÓN LOCAL (OCLC) | |
| a | n |
| b | c |
| 960 ## - LOCALIZACIÓN FÍSICA (RLIN) | |
| Localización f&íacute;sica, PLOC (RLIN) | Normalizados-2025 |
| Perdido | Fuente de clasificación o esquema | Estado Físico | No para préstamo | Forma de adquisición | Localización permanente | Localización actual | Localización en estanterías | Fecha adquisición | Préstamos totales | Signatura completa | Código de barras | Fecha última consulta | Número de copia | Fecha del precio de reemplazo | Tipo de item de Koha |
|---|---|---|---|---|---|---|---|---|---|---|---|---|---|---|---|
| Dewey Decimal Classification | Colección General | Biblioteca Pública Dorado | Biblioteca Pública Dorado | General | 02/25/2026 | 578.7609861 B46 | DOR03435 | 02/25/2026 | Ej.1 | 02/25/2026 | LIbro | ||||
| Dewey Decimal Classification | Colección General | Biblioteca Pública Guamal | Biblioteca Pública Guamal | General | 02/17/2026 | 578.7609861 B46 | GUA005049 | 02/17/2026 | Ej.1 | 02/17/2026 | LIbro |